000 00295nam a2200109Ia 4500
008 230907s9999||||xx |||||||||||||| ||und||
082 _a621.38224
_bELE
100 _aCosta, Francois.
_9115102
245 0 _aElectromagnetic compatibility in power electronics /
300 _apages cm
942 _cBK
999 _c597584
_d597584